| 000 | 00832cam a2200277 a 4500 | ||
|---|---|---|---|
| 001 | 000019327 | ||
| 005 | 20200929170002.0 | ||
| 008 | 831209s1969 sp 001 d spa d | ||
| 040 |
_aDO-SdBNP _bspa _cDLC _dBNPHU |
||
| 082 |
_a862.3 _bV422mej, 1969 |
||
| 100 | 1 |
_aVega, Lope de, _d1562-1635 _93084 |
|
| 245 | 1 | 3 |
_aEl mejor alcalde, el rey / _cLope de Vega. |
| 250 | _a10a ed. | ||
| 260 |
_aMadrid : _bEspasa-Calpe, _c1969. |
||
| 300 |
_a144, [16] p. ; _c18 cm. |
||
| 490 | 1 |
_aAustral. Gris: clásicos _v294 |
|
| 500 | _aIncluye índice de autores | ||
| 650 | 4 |
_aTeatro español _93071 |
|
| 650 | 4 |
_aLiteratura española _9632 |
|
| 650 | 4 |
_aComedia española _93085 |
|
| 740 | 0 | _aFuente ovejuna | |
| 830 | 0 |
_aAustral. _pGris: clásicos; _v294 _98199 |
|
| 910 | _aCatalogación derivada / LC | ||
| 910 | _aWM | ||
| 049 | _aBNGR | ||
| 999 |
_c18844 _d18844 |
||